| 000 | 00434nab a2200145Ia 4500 | ||
|---|---|---|---|
| 003 | ES-SlBCS | ||
| 005 | 20210601141205.0 | ||
| 008 | 140529s1954 xxu||||| |||| 00| 0 spa d | ||
| 041 | _aspa | ||
| 100 | 1 |
_aEvery, Louis _9138977 |
|
| 245 | 0 | 0 |
_aSt. Thomas Explanation of the Hail Mary _c Louis Every |
| 600 | 0 | 4 |
_aTomás de Aquino-Virgen María _9252927 |
| 773 | 0 |
_tDominicana _gvol. 39, nº. 1, 1954, págs. 31-38 _wRev1398 |
|
| 942 | _cAR | ||
| 999 |
_c656696 _d656696 |
||